|
|
|
|
| LEADER |
00000nab a2200000 a 4500 |
| 001 |
vtls010654495 |
| 003 |
SK-MaSNL |
| 005 |
20260319071245.0 |
| 008 |
150213|2015 xo w| 000 0|hun |
| 015 |
|
|
|a SNBRB2015/02
|
| 038 |
|
|
|a DSZK
|
| 040 |
|
|
|a DSZK
|b slo
|c DSZK
|e AACR2
|
| 041 |
|
|
|a hun
|a slo
|
| 044 |
|
|
|a xo
|c SK
|
| 080 |
|
|
|a 796.386.093
|x (437.612)
|2 2001
|
| 245 |
0 |
0 |
|a Urbanics lett a bajnok
|
| 300 |
|
|
|b Fotogr.
|
| 611 |
2 |
7 |
|a Majstrovstvá okresu Dunajská Streda v stolnom tenise
|d (2015 : Dunajská Streda, Slovensko)
|2 snkbucl
|9 1098042
|
| 648 |
|
7 |
|a 2015
|2 dszk
|9 337775
|
| 650 |
0 |
7 |
|a stolný tenis
|2 SNKPH
|9 25562
|
| 651 |
|
7 |
|a Dunajská Streda (Slovensko)
|2 SNKPHgeo
|9 17375
|
| 773 |
0 |
|
|t Csallóköz=Žitný ostrov
|g Évf. 55, sz. 4 (2015), o. 44
|x 1336-3638
|
| 852 |
|
|
|a DSZK
|b KIS3GCP
|
| 856 |
|
|
|a http://www.csallokoz.sk
|
| 958 |
|
|
|a HU
|
| 958 |
|
|
|a SK
|
| 999 |
|
|
|c 1804513
|d 1806443
|